[Event "CZE-ch 254 corr"]
[Site "Czech Republic"]
[Date "1998.??.??"]
[Round "?"]
[White "Omelka, Antonin"]
[Black "Kohler, Horst"]
[Result "0-1"]
[WhiteElo "2225"]
[BlackElo "2000"]
[PlyCount "133"]
[EventDate "1998.??.??"]
[EventType "tourn (corr)"]
[EventRounds "14"]
[EventCountry "CZE"]
[SourceTitle "Corr 2002"]
[Source "ChessBase"]
[SourceDate "2002.05.23"]
[SourceVersion "1"]
[SourceVersionDate "2002.05.23"]
[SourceQuality "1"]

1. d4 Nf6 2. c4 e6 3. Nc3 d5 4. Nf3 Be7 5. Bg5 0-0 6. e3 h6 7. Bh4 Ne4 8. Bxe7 Qxe7 9. Qc2 Nf6 10. 0-0-0 c6 11. Ne5 dxc4 12. Bxc4 c5 13. Kb1 Nc6 14. Nxc6 bxc6 15. dxc5 Qxc5 16. Ne4 Nxe4 17. Qxe4 Rb8 18. Bd3 f5 19. Qc4 Qe5 20. b3 c5 21. Qf4 Qxf4 22. exf4 Bb7 23. f3 Rfd8 24. Bc4 Kf7 25. Rde1 Bd5 26. Rc1 Kf6 27. h4 Bxc4 28. Rxc4 Rd4 29. Rhc1 Rb4 30. Rxc5 Rxf4 31. Ra5 Rb7 32. Rh1 Rd4 33. Ra6 Rd2 34. Rg1 Re2 35. g4 Rf2 36. Re1 fxg4 37. fxg4 Re7 38. Re4 g6 39. Raa4 Rh2 40. Rf4+ Kg7 41. g5 hxg5 42. hxg5 e5 43. Rg4 Re2 44. b4 Rd7 45. Kc1 Rf7 46. Kd1 Rb2 47. Ke1 Rc7 48. Kd1 Re7 49. Kc1 Rh2 50. b5 Rf7 51. Rg1 Rc7+ 52. Kb1 Rb7 53. Rb4 Re2 54. a4 Rd7 55. a5 Rb7 56. b6 axb6 57. axb6 Kf7 58. Rf1+ Kg7 59. Rc1 Rf2 60. Rc6 Rff7 61. Re6 Rf5 62. Rc4 Kf7 63. Rec6 Rd7 64. Rc7 Ke6 65. R4c6+ Ke7 66. Rxg6 Rxc7 67. bxc7 0-1

[Event "CZE-ch 254 corr"]
[Site "Czech Republic"]
[Date "1998.??.??"]
[Round "?"]
[White "Vondracek, Karel"]
[Black "Kohler, Horst"]
[Result "1-0"]
[WhiteElo "2010"]
[BlackElo "2000"]
[PlyCount "43"]
[EventDate "1998.??.??"]
[EventType "tourn (corr)"]
[EventRounds "14"]
[EventCountry "CZE"]
[SourceTitle "Corr 2002"]
[Source "ChessBase"]
[SourceDate "2002.05.23"]
[SourceVersion "1"]
[SourceVersionDate "2002.05.23"]
[SourceQuality "1"]

1. e4 c5 2. Nf3 d6 3. d4 cxd4 4. Nxd4 Nf6 5. Nc3 e6 6. Be2 Be7 7. 0-0 0-0 8. f4 e5 9. Nb3 Bd7 10. Be3 exf4 11. Bxf4 Re8 12. Kh1 Nc6 13. Nd4 Rc8 14. Ndb5 a6 15. Nxd6 Bxd6 16. Bxd6 Nxe4 17. Nxe4 Rxe4 18. c3 Re8 19. Bg3 Be6 20. Bf3 Qxd1 21. Rfxd1 Bg4 22. Bxg4 1-0

[Event "CZE-ch 254 corr"]
[Site "Czech Republic"]
[Date "1998.??.??"]
[Round "?"]
[White "Zavadil, Jaroslav"]
[Black "Kohler, Horst"]
[Result "1-0"]
[WhiteElo "2075"]
[BlackElo "2000"]
[PlyCount "67"]
[EventDate "1998.??.??"]
[EventType "tourn (corr)"]
[EventRounds "14"]
[EventCountry "CZE"]
[SourceTitle "Corr 2002"]
[Source "ChessBase"]
[SourceDate "2002.05.23"]
[SourceVersion "1"]
[SourceVersionDate "2002.05.23"]
[SourceQuality "1"]

1. e4 c5 2. Nf3 d6 3. d4 cxd4 4. Nxd4 Nf6 5. Nc3 e6 6. Bc4 Be7 7. 0-0 0-0 8. Be3 Nc6 9. Qe2 d5 10. exd5 exd5 11. Rad1 Re8 12. Nxd5 Nxd5 13. Nb5 Be6 14. Bxd5 Bxd5 15. Nc3 Nb4 16. a3 Qc7 17. Nxd5 Nxd5 18. Rxd5 Bd6 19. g3 Re6 20. Rfd1 Rae8 21. Qd3 Be5 22. Rd7 Qc8 23. Qb3 a5 24. Rxb7 a4 25. Qb5 Qxc2 26. Rc1 Qg6 27. Qd5 Bd6 28. Ra7 Be5 29. Qb7 Bxg3 30. hxg3 Rxe3 31. fxe3 Qxg3+ 32. Kf1 Qh3+ 33. Qg2 Qf5+ 34. Kg1 1-0